00504 a2200157 450000100060000008200150000609000170002110000150003824500830005326000320013630000150016850000230018394200250020699900190023195200960025090394 a303.69 RAF c42714d42714 aRaffel Lee aI hate conflictbseven steps to resolving differences with anyone in your life aNew YorkbMcGraw Hillc2008 axiv, 290p. aGeneral Collection aCAE NUSTk303.69 RAF c325467d325467 001040708NFICaCAEbCAEd2017-04-03l0o303.69 RAFpCAE86274r2017-04-05w2017-04-05yBK